000 01244nam2a2200337 4500
001 RU\NLR\bibl\262441
005 20250620130415.0
010 _a5-691-00882-Х
010 _a5-8465-0037-4
021 _aRU
_b2002-27336
_91356
035 _a(NLR Aleph) 000258077
090 _a1507060
_c1507060
100 _a20020514d2002 |||y0rusy50 ca
101 0 _arus
102 _aRU
105 _ay |||||||||
200 1 _aЗ-П
215 _a719 с.
_cил., портр.
461 0 _1001RU\NLR\bibl\277024
_12001#$aРоссийский гуманитарный энциклопедический словарь$v2
_91593763
_cМ.
_d2002
_f[Редкол.: П.А. Клубков (гл. ред.) и др.]
_nВладос
_oВ 3 т.
_tРоссийский гуманитарный энциклопедический словарь
_y5-691-00675-4
_v2
801 0 _aRU
_bNLR
_c20020514
_gPSBO
801 1 _aRU
_bNLR
_c20020514
852 _aNLR
_bОНЛ
_jС 2002-4/53
852 _aNLR
_bОНЛ
_jС 2002-4/53
852 _aNLR
_bОНЛ
_jЛ1 Я20/Р-764
852 _aNLR
_bОНЛ
_jЮ Я2(Ч11)/Р-76
852 _aNLR
_bОНЛ
_jС1 Я21/Р-764
852 _aNLR
_bОНЛ
_jС2 Я20/Р-764
942 _cBOOK
980 _aNB